000 00909cam a2200337 4500500
005 20260405003453.0
041 _afre
042 _adc
100 1 0 _aEnjalbert, Cédric
_eauthor
245 0 0 _aClaire Marin : “Personne n’est jamais bien assis dans l’existence”
260 _c2022.
500 _a94
690 _aClaire Marin
690 _aClasse
690 _aColère
690 _aCorps
690 _aEnquête
690 _aEnseignement
690 _aIdentité
690 _aincertitude
690 _aInquiétude
690 _aMaladie
690 _aManque
690 _aPlace
690 _aProfesseur
690 _aRupture
690 _aSoin
690 _aSouffrance
786 0 _nPhilosophie magazine | 157 | 3 | 2022-03-01 | p. 35-38 | 1951-1787
856 4 1 _uhttps://shs.cairn.info/magazine-philosophie-magazine-2022-3-page-35?lang=fr&redirect-ssocas=7080
999 _c2067853
_d2067853